[Event "New Zealand Open"]
[Site "Devonport, Auckland NZL"]
[Date "2016.01.07"]
[EventDate "2016.01.02"]
[Round "6.20"]
[Result "1-0"]
[White "John Duneas"]
[Black "Christopher Benson"]
[WhiteElo "2110"]
[BlackElo "1920"]
[PlyCount "99"]

1. d4 Nf6 2. c4 e6 3. Nf3 c5 4. d5 exd5 5. cxd5 d6 6. Nc3 g6
7. g3 Bg7 8. Bg2 O-O 9. O-O Bg4 10. Nd2 Qd7 11. Qb3 Na6
12. Re1 Rab8 13. Nb5 Nc7 14. a4 a6 15. Nxc7 Qxc7 16. a5 Rfe8
17. e3 Bd7 18. Qc2 Bb5 19. Nc4 Nd7 20. f4 f5 21. Nd2 Nf6
22. h3 Re7 23. Nb1 b6 24. axb6 Qxb6 25. Kh2 Qb7 26. Nc3 Bc4
27. Qa4 Bb5 28. Qa3 Qb6 29. Bd2 Reb7 30. Nxb5 axb5 31. e4 fxe4
32. Bxe4 Re8 33. Bf3 Rxe1 34. Rxe1 c4 35. Be3 Qc7 36. Bd4 b4
37. Qe3 Qf7 38. g4 Rb8 39. Qd2 Ne8 40. Re6 Bxd4 41. Qxd4 Rc8
42. Bd1 Qg7 43. Qf2 b3 44. f5 gxf5 45. Qxf5 Qxb2+ 46. Re2
Qxe2+ 47. Bxe2 Rc5 48. Qe6+ Kf8 49. g5 c3 50. Bh5 1-0

[Event "New Zealand Open"]
[Site "Devonport, Auckland NZL"]
[Date "2016.01.07"]
[EventDate "2016.01.02"]
[Round "6.21"]
[Result "0-1"]
[White "Stanley Yee"]
[Black "Gino Thornton"]
[WhiteElo "1975"]
[BlackElo "2207"]
[PlyCount "82"]

1. d4 Nf6 2. Nf3 e6 3. Bg5 b6 4. e3 Bb7 5. Nbd2 Be7 6. Bd3 d6
7. e4 Nbd7 8. Qe2 h6 9. Bf4 g5 10. Be3 Ng4 11. O-O-O Bf6
12. Nc4 Qe7 13. Bd2 d5 14. Na3 Nxf2 15. Qxf2 dxe4 16. Be2 exf3
17. Bxf3 O-O-O 18. Bxb7+ Kxb7 19. Nb5 a6 20. Nc3 Bg7 21. g4
Ka7 22. Rhf1 Nf6 23. h3 Rhf8 24. Kb1 Rd7 25. Bc1 Rfd8 26. Rd3
Qd6 27. Rf3 Nd5 28. Ne4 Qc6 29. c3 f5 30. gxf5 exf5 31. Ng3 f4
32. Ne2 Re8 33. Bd2 Qe6 34. Nc1 Qg6+ 35. Ka1 Rde7 36. a3 h5
37. Qg1 Qf5 38. Ka2 g4 39. hxg4 hxg4 40. R3f2 f3 41. Qg3 Nf6
0-1

[Event "New Zealand Open"]
[Site "Devonport, Auckland NZL"]
[Date "2016.01.07"]
[EventDate "2016.01.02"]
[Round "6.22"]
[Result "0-1"]
[White "William F Forster"]
[Black "Hans Gao"]
[WhiteElo "1975"]
[BlackElo "2183"]
[PlyCount "68"]

1. d4 Nf6 2. c4 g6 3. Nc3 Bg7 4. e4 d6 5. Be2 O-O 6. Bg5 h6
7. Be3 e5 8. d5 a5 9. Qd2 Kh7 10. f3 Na6 11. g4 Nd7 12. h4 f5
13. exf5 gxf5 14. g5 Rg8 15. Nh3 Bf8 16. O-O-O Be7 17. Rdg1 f4
18. g6+ Kg7 19. Bxf4 exf4 20. Nxf4 Nf6 21. Ne4 Bf5 22. Nxf6
Bxf6 23. Nh5+ Kf8 24. Qf4 Qc8 25. Nxf6 Rxg6 26. Rxg6 Bxg6
27. Rg1 Bf7 28. Qe3 Qf5 29. Qxh6+ Ke7 30. Qg5 Qxf6 31. f4 Rg8
32. Qxf6+ Kxf6 33. Rg5 Nc5 34. Kd2 Ne4+ 0-1

[Event "New Zealand Open"]
[Site "Devonport, Auckland NZL"]
[Date "2016.01.07"]
[EventDate "2016.01.02"]
[Round "6.23"]
[Result "1-0"]
[White "Edward Rains"]
[Black "Hilton P Bennett"]
[WhiteElo "2016"]
[BlackElo "1958"]
[PlyCount "59"]

1. e4 d5 2. exd5 Nf6 3. d4 Bg4 4. Bb5+ Nbd7 5. f3 Bf5 6. Nc3
a6 7. Ba4 b5 8. Bb3 Nb6 9. Nge2 Nfxd5 10. Nxd5 Nxd5 11. Ng3
Bc8 12. f4 e6 13. f5 Bb4+ 14. c3 Nxc3 15. bxc3 Bxc3+ 16. Bd2
Bxa1 17. Qxa1 O-O 18. Bb4 c5 19. dxc5 Qd3 20. Qe5 f6 21. Qe4
Qxe4+ 22. Nxe4 a5 23. fxe6 Re8 24. e7+ Kh8 25. Bc3 Rxe7
26. O-O Rxe4 27. Rxf6 Re1+ 28. Kf2 Re8 29. Rf7 Rg8 30. Bxg7+
1-0

[Event "New Zealand Open"]
[Site "Devonport, Auckland NZL"]
[Date "2016.01.07"]
[EventDate "2016.01.02"]
[Round "6.24"]
[Result "1-0"]
[White "Daniel Hanwen Gong"]
[Black "Sean Watharow"]
[WhiteElo "2055"]
[BlackElo "1913"]
[PlyCount "65"]

1. c4 Nf6 2. g3 g6 3. Bg2 Bg7 4. Nc3 c6 5. e4 d6 6. Nge2 Nbd7
7. O-O Ne5 8. d3 h5 9. h3 e6 10. f4 Ned7 11. Be3 Nb6 12. Qd2
d5 13. c5 Nbd7 14. e5 Ng8 15. d4 Nh6 16. Nd1 b6 17. b4 a5
18. b5 cxb5 19. c6 Nb8 20. Rc1 Qc7 21. Ndc3 Ba6 22. Nxd5 exd5
23. Nc3 O-O 24. Nxd5 Qa7 25. c7 Nd7 26. Ne7+ Kh7 27. f5 Rfe8
28. fxg6+ fxg6 29. Nxg6 Nf8 30. Nxf8+ Rxf8 31. Be4+ Kh8
32. Rxf8+ Rxf8 33. Bxh6 1-0

[Event "New Zealand Open"]
[Site "Devonport, Auckland NZL"]
[Date "2016.01.07"]
[EventDate "2016.01.02"]
[Round "6.25"]
[Result "1-0"]
[White "Roger L Perry"]
[Black "Alan Wolstencroft"]
[WhiteElo "2005"]
[BlackElo "1796"]
[PlyCount "75"]

1. e4 c5 2. c3 d6 3. d4 Nf6 4. Bd3 g6 5. h3 Bg7 6. Nf3 O-O
7. Be3 Qc7 8. O-O a6 9. a4 b6 10. Nbd2 Bb7 11. d5 Nbd7 12. c4
Nh5 13. Rb1 Ne5 14. Be2 Nxf3+ 15. Nxf3 Nf6 16. Qc2 Bc8 17. Bf4
e5 18. dxe6 Bxe6 19. Rbd1 Ne8 20. Rd2 f6 21. Rfd1 Rd8 22. Bd3
Bf7 23. b3 Qe7 24. Be2 g5 25. Bg3 Bg6 26. Bd3 Qe6 27. Nh2 h5
28. Nf1 f5 29. exf5 Bxf5 30. Bxf5 Rxf5 31. Ne3 Rf6 32. Nd5 Rf7
33. Re2 Qh6 34. Rde1 Nf6 35. Ne7+ Kh8 36. Nf5 Qg6 37. Nxd6
Qxc2 38. Nxf7+ 1-0

[Event "New Zealand Open"]
[Site "Devonport, Auckland NZL"]
[Date "2016.01.07"]
[EventDate "2016.01.02"]
[Round "6.26"]
[Result "0-1"]
[White "Jasmine Haomo Zhang"]
[Black "Leo Zhu"]
[WhiteElo "1674"]
[BlackElo "1989"]
[PlyCount "92"]

1. d4 Nf6 2. c4 g6 3. Nc3 Bg7 4. e4 d6 5. f3 O-O 6. Be3 e5
7. d5 c6 8. Qd2 cxd5 9. cxd5 a6 10. O-O-O Nbd7 11. g4 h5
12. h3 b5 13. Kb1 Nb6 14. Bd3 Nc4 15. Bxc4 bxc4 16. gxh5 Nxh5
17. Qg2 Rb8 18. Nge2 Qa5 19. Ka1 Qb4 20. Rd2 Bd7 21. Rc2 Rb7
22. h4 Rfb8 23. Rb1 Nf4 24. Bxf4 exf4 25. h5 Ba4 26. Rcc1 Qa5
27. hxg6 f5 28. exf5 Bb3 29. a3 Bd1 30. Nxf4 Rxb2 31. Rxb2
Bxc3 32. Rxc3 Qxc3 33. Kb1 Bb3 34. Qe2 Qd4 35. Ng2 c3 36. Rxb3
Rxb3+ 37. Kc1 Qd2+ 38. Qxd2 cxd2+ 39. Kxd2 Rb2+ 40. Ke3 Rxg2
41. f4 Kg7 42. Kf3 Ra2 43. Kg4 Rxa3 44. Kg5 Rg3+ 45. Kh4 Rg1
46. Kh5 a5 0-1

[Event "New Zealand Open"]
[Site "Devonport, Auckland NZL"]
[Date "2016.01.07"]
[EventDate "2016.01.02"]
[Round "6.27"]
[Result "1-0"]
[White "Paul Macdonald"]
[Black "Joy Shu Yan Qin"]
[WhiteElo "1946"]
[BlackElo "1685"]
[PlyCount "49"]

1. b3 e6 2. Bb2 d5 3. e3 c5 4. Nf3 Nc6 5. Bb5 Bd7 6. O-O Nf6
7. Bxc6 Bxc6 8. d3 Be7 9. Nbd2 O-O 10. Ne5 Rc8 11. f4 Nd7
12. Qg4 Nxe5 13. Bxe5 Bf6 14. Rf3 g6 15. Raf1 Bxe5 16. fxe5
Qa5 17. R1f2 Qxa2 18. Nf1 Qa5 19. Qg5 Qd8 20. Rf6 Kg7 21. Ng3
Qe7 22. Rxg6+ hxg6 23. Qxe7 b6 24. Rf4 Rcd8 25. Qf6+ 1-0

[Event "New Zealand Open"]
[Site "Devonport, Auckland NZL"]
[Date "2016.01.07"]
[EventDate "2016.01.02"]
[Round "6.28"]
[Result "1-0"]
[White "Caroline Yan"]
[Black "P Wayne Power"]
[WhiteElo "1672"]
[BlackElo "1889"]
[PlyCount "121"]

1. d4 Nf6 2. c4 g6 3. Nc3 Bg7 4. e3 O-O 5. Nf3 d6 6. Bd3 Nbd7
7. Qc2 e5 8. O-O Re8 9. Bd2 c6 10. b4 Qe7 11. e4 exd4 12. Nxd4
Ng4 13. Nde2 Nge5 14. Bf4 Nxd3 15. Qxd3 Ne5 16. Bxe5 dxe5
17. b5 Be6 18. bxc6 bxc6 19. Nd1 Red8 20. Qc2 Qc5 21. Nb2 Rd7
22. Rfd1 Rb7 23. Rd3 Rab8 24. Rb3 Rxb3 25. axb3 f5 26. Na4 Qb4
27. Kf1 Qxb3 28. Qxb3 Rxb3 29. Nc5 Bxc4 30. Nxb3 Bxb3 31. exf5
gxf5 32. Rxa7 Bc4 33. Ke1 Bd5 34. f3 e4 35. fxe4 Bxe4 36. g3
Bf6 37. Kd2 h5 38. h4 Be5 39. Nf4 Bf3 40. Ra5 Bxf4+ 41. gxf4
Be4 42. Ra7 Kh8 43. Rc7 Kg8 44. Kc3 Kf8 45. Kd4 Ke8 46. Ke5
Kd8 47. Rh7 Bf3 48. Kxf5 c5 49. Ke5 c4 50. Kd4 Be2 51. f5 Bd3
52. Rh6 Ke7 53. Ke5 c3 54. Rh7+ Kd8 55. Kd6 Ke8 56. Re7+ Kf8
57. f6 c2 58. Rc7 Bf5 59. Ke5 Bg6 60. Ke6 Kg8 61. Rc8+ 1-0

[Event "New Zealand Open"]
[Site "Devonport, Auckland NZL"]
[Date "2016.01.07"]
[EventDate "2016.01.02"]
[Round "6.29"]
[Result "1-0"]
[White "Richard Taylor"]
[Black "Louie Wei"]
[WhiteElo "1888"]
[BlackElo "1669"]
[PlyCount "37"]

1. e4 Nf6 2. e5 Nd5 3. d4 d6 4. Nf3 Nc6 5. c4 Nb6 6. Bf4 Bg4
7. Be2 dxe5 8. Bxe5 Nxe5 9. Nxe5 Bxe2 10. Qxe2 Qxd4 11. Nc3 g6
12. Rd1 Qf4 13. g3 Qf5 14. Nb5 Qc8 15. c5 Na4 16. Nxc7+ Qxc7
17. Qb5+ Qc6 18. Nxc6 bxc6 19. Qxc6# 1-0

[Event "New Zealand Open"]
[Site "Devonport, Auckland NZL"]
[Date "2016.01.07"]
[EventDate "2016.01.02"]
[Round "6.30"]
[Result "1-0"]
[White "Philip I Hair"]
[Black "Vyanla M Punsalan"]
[WhiteElo "1932"]
[BlackElo "1356"]
[PlyCount "69"]

1. e4 c5 2. Nc3 Nc6 3. g3 e5 4. Bg2 g6 5. d3 Nge7 6. f4 Bg7
7. Nf3 d6 8. O-O O-O 9. Be3 Bg4 10. h3 Be6 11. Kh2 Rc8 12. Qd2
Nd4 13. fxe5 dxe5 14. Bh6 Nxf3+ 15. Rxf3 Nc6 16. Bxg7 Kxg7
17. Rf2 Nd4 18. Ne2 Nxe2 19. Qxe2 Qe7 20. h4 h5 21. Bh3 Bxh3
22. Kxh3 Qe6+ 23. Kh2 b6 24. b3 a5 25. a4 Rcd8 26. Qd2 Qg4
27. Raf1 Rd7 28. Rf6 Rb8 29. Qc3 Re7 30. Rxf7+ Rxf7 31. Qxe5+
Kh6 32. Rxf7 Qe2+ 33. Kg1 Qe1+ 34. Kg2 Rg8 35. Qg5# 1-0

[Event "New Zealand Open"]
[Site "Devonport, Auckland NZL"]
[Date "2016.01.07"]
[EventDate "2016.01.02"]
[Round "6.31"]
[Result "1/2-1/2"]
[White "Bernard Alan Carpinter"]
[Black "L Ross Jackson"]
[WhiteElo "1928"]
[BlackElo "1884"]
[PlyCount "43"]

1. d4 d5 2. Nf3 c6 3. g3 Nf6 4. Bg2 e6 5. O-O Bd6 6. Nbd2 O-O
7. Re1 Nbd7 8. e4 Nxe4 9. Nxe4 dxe4 10. Rxe4 Nf6 11. Re1 Qc7
12. Ne5 Rd8 13. Nc4 Be7 14. Bf4 Qd7 15. c3 Nd5 16. Bd2 Qe8
17. Qe2 b6 18. Ne5 Bb7 19. a3 a5 20. c4 Nf6 21. Bc3 Rac8
22. Rad1 1/2-1/2

[Event "New Zealand Open"]
[Site "Devonport, Auckland NZL"]
[Date "2016.01.07"]
[EventDate "2016.01.02"]
[Round "6.32"]
[Result "1-0"]
[White "Hikaru Oka"]
[Black "Eva Lourenco"]
[WhiteElo "1449"]
[BlackElo "1306"]
[PlyCount "119"]

1. e4 c5 2. Nf3 g6 3. d4 cxd4 4. Qxd4 f6 5. Bc4 Bg7 6. O-O Nc6
7. Qc3 Ne5 8. Nxe5 fxe5 9. Bg5 h6 10. Qb3 hxg5 11. Bxg8 e6
12. Bxe6 dxe6 13. Nc3 O-O 14. Rad1 Qb6 15. Qc4 Qc6 16. Qb4 a5
17. Qe7 Qe8 18. Qxg5 Bd7 19. Rd6 a4 20. Rfd1 Rf7 21. Qxg6 Rf6
22. Qg3 Rf7 23. Qd3 Rd8 24. Nxa4 Bf8 25. Rb6 Bxa4 26. Qxd8
Qxd8 27. Rxd8 Bxc2 28. Rxe6 Bxe4 29. Rxe5 Rc7 30. h3 Bc6
31. Rg5+ Rg7 32. Rxg7+ Kxg7 33. Rd4 Kh6 34. Rf4 Bc5 35. a3 Kg5
36. Rg4+ Kh5 37. b4 Bd6 38. Rd4 Bf8 39. b5 Bxa3 40. bxc6 bxc6
41. Rc4 c5 42. f4 Kg6 43. Kf2 Bb2 44. Kf3 Bd4 45. Ke4 Bf2
46. g4 Kf6 47. Kd5 Kg6 48. Rxc5 Bg3 49. Ke4 Kf6 50. Rc6+ Ke7
51. g5 Kd7 52. Rh6 Ke7 53. h4 Kf7 54. f5 Kg7 55. f6+ Kf7
56. Kf5 Kg8 57. Rg6+ Kh7 58. f7 Bxh4 59. f8=Q Bxg5 60. Qg8#
1-0

[Event "New Zealand Open"]
[Site "Devonport, Auckland NZL"]
[Date "2016.01.08"]
[EventDate "2016.01.02"]
[Round "7.1"]
[Result "1-0"]
[White "Gawain Jones"]
[Black "Aleksei Kulashko"]
[WhiteElo "2625"]
[BlackElo "2341"]
[PlyCount "121"]

1. e4 d5 2. exd5 Qxd5 3. Nc3 Qd6 4. d4 Nf6 5. Nf3 c6 6. Ne5
Nbd7 7. Nc4 Qc7 8. Qf3 Nb6 9. Bf4 Qd7 10. h3 Nxc4 11. Bxc4
Qxd4 12. Bb3 e6 13. Rd1 Qc5 14. O-O Be7 15. Rfe1 O-O 16. Be5
Ne8 17. Bd4 Qg5 18. Re4 Nf6 19. Re5 Qg6 20. Ne2 Bd6 21. Ra5
Bc7 22. Rxa7 Rxa7 23. Bxa7 Qe4 24. Qxe4 Nxe4 25. Be3 Rd8
26. Rxd8+ Bxd8 27. Nc1 g5 28. Nd3 Kg7 29. c3 Nd6 30. g4 f5
31. Nc5 Kf7 32. Kg2 Bf6 33. Na4 f4 34. Bc5 Ne4 35. Bb6 Nd6
36. f3 Bd7 37. Nc5 Bc8 38. a4 Be7 39. Nd3 Ne8 40. h4 h6
41. Ne5+ Kg7 42. Nc4 Nd6 43. Bd4+ Kg8 44. Nb6 Kf7 45. c4 Bd8
46. c5 Bxb6 47. cxb6 Ke7 48. h5 Nf7 49. Bg7 e5 50. Bxf7 Kxf7
51. Bxh6 Be6 52. a5 Bc4 53. Bxg5 c5 54. Bd8 Bd5 55. Kf2 c4
56. g5 e4 57. fxe4 Bxe4 58. Bc7 f3 59. Be5 Ke6 60. a6 bxa6
61. h6 1-0

[Event "New Zealand Open"]
[Site "Devonport, Auckland NZL"]
[Date "2016.01.08"]
[EventDate "2016.01.02"]
[Round "7.2"]
[Result "1/2-1/2"]
[White "Alexandr Hilario Takeda dos Santos Fier"]
[Black "Ju Wenjun"]
[WhiteElo "2607"]
[BlackElo "2548"]
[PlyCount "64"]

1. d4 f5 2. Nc3 Nf6 3. Bg5 d5 4. f3 c5 5. e4 Nc6 6. Bb5 a6
7. Bxc6+ bxc6 8. Nge2 e6 9. exf5 exf5 10. O-O Bd6 11. Na4 cxd4
12. Bf4 c5 13. b4 cxb4 14. Qxd4 O-O 15. Nb6 Bxf4 16. Nxf4 Rb8
17. Nbxd5 Nxd5 18. Qxd5+ Qxd5 19. Nxd5 Be6 20. Nf4 Bc4
21. Rfb1 Kf7 22. a3 bxa3 23. Rxb8 Rxb8 24. Rxa3 Ke7 25. Nd3
Rb5 26. Kf2 Bxd3 27. cxd3 a5 28. Ke3 Kd6 29. Kd4 Rd5+ 30. Kc4
Rc5+ 31. Kd4 Rd5+ 32. Kc4 Rc5+ 1/2-1/2

[Event "New Zealand Open"]
[Site "Devonport, Auckland NZL"]
[Date "2016.01.08"]
[EventDate "2016.01.02"]
[Round "7.3"]
[Result "1-0"]
[White "Nigel Short"]
[Black "Matthieu Cornette"]
[WhiteElo "2684"]
[BlackElo "2591"]
[PlyCount "61"]

1. d4 Nf6 2. c4 g6 3. Nc3 Bg7 4. e4 d6 5. Bd3 O-O 6. Nge2 Nc6
7. f3 Nd7 8. Be3 e5 9. d5 Nd4 10. O-O c5 11. Rb1 f5 12. exf5
Nxf5 13. Bd2 Nf6 14. b4 cxb4 15. Rxb4 Qc7 16. Qb1 Bh6 17. Bxh6
Nxh6 18. Kh1 Nf5 19. a4 Ne3 20. Rc1 Qf7 21. Ng3 Bh3 22. Rb2
Bxg2+ 23. Rxg2 Nxg2 24. Kxg2 Nd7 25. Be2 Nc5 26. Nce4 Nxe4
27. Nxe4 Rad8 28. c5 dxc5 29. d6 Qf4 30. Rxc5 Qe3 31. Qa2+ 1-0

[Event "New Zealand Open"]
[Site "Devonport, Auckland NZL"]
[Date "2016.01.08"]
[EventDate "2016.01.02"]
[Round "7.4"]
[Result "0-1"]
[White "Anthony F Ker"]
[Black "Qun Ma"]
[WhiteElo "2283"]
[BlackElo "2606"]
[PlyCount "70"]

1. e4 c5 2. c3 Nf6 3. e5 Nd5 4. d4 cxd4 5. Nf3 Nc6 6. cxd4 d6
7. Bc4 Nb6 8. Bb3 dxe5 9. d5 Na5 10. Nc3 f6 11. Be3 g6 12. O-O
Bd7 13. Qe2 Bg7 14. Rfd1 Nxb3 15. axb3 Nc8 16. Ne4 Nd6
17. Bxa7 O-O 18. Bc5 Rxa1 19. Rxa1 Bf5 20. Ng3 Bg4 21. h3 Bxf3
22. Qxf3 f5 23. Ra7 e4 24. Qe2 Qb8 25. Ra1 Qc7 26. Rc1 Bd4
27. b4 b6 28. Qd2 bxc5 29. Qxd4 cxd4 30. Rxc7 d3 31. Nf1 Ra8
32. f3 Ra1 33. Kf2 f4 34. Rxe7 e3+ 35. Nxe3 fxe3+ 0-1

[Event "New Zealand Open"]
[Site "Devonport, Auckland NZL"]
[Date "2016.01.08"]
[EventDate "2016.01.02"]
[Round "7.5"]
[Result "1/2-1/2"]
[White "Russell John Dive"]
[Black "Michael Steadman"]
[WhiteElo "2311"]
[BlackElo "2252"]
[PlyCount "115"]

1. d4 e6 2. Nf3 d5 3. g3 c6 4. Bg2 Bd6 5. O-O f5 6. b3 Qe7
7. Bb2 Nf6 8. c4 O-O 9. e3 b6 10. Qe2 a5 11. a4 Na6 12. Nc3
Nb4 13. Na2 Ba6 14. Nxb4 axb4 15. Rfc1 Ne4 16. Qd1 Bb7 17. Ne1
c5 18. Nd3 dxc4 19. bxc4 Ng5 20. Ne1 Bxg2 21. Kxg2 Qb7+ 22. d5
exd5 23. cxd5 Rad8 24. Qb3 Ne4 25. Rd1 Qf7 26. Nf3 Rfe8
27. Qc4 Qe7 28. Rd3 Qd7 29. Rdd1 Ra8 30. Qb3 Qf7 31. Qc4 Ra5
32. Qb3 g5 33. Nd2 Nxd2 34. Rxd2 Rea8 35. Rdd1 Qe8 36. f3 Rxa4
37. Rxa4 Qxa4 38. Qd3 Qd7 39. e4 fxe4 40. fxe4 Re8 41. Re1 Be5
42. Bxe5 Rxe5 43. d6 b5 44. Rf1 g4 45. Rf4 h5 46. Rf1 b3
47. Qxb3+ c4 48. Qd1 Re6 49. Qd5 Qxd6 50. Qg5+ Rg6 51. Qxb5
Qe6 52. Rf4 Rg7 53. Qxh5 c3 54. Qc5 Rf7 55. Qg5+ Rg7 56. Qc5
Rf7 57. Qg5+ Rg7 58. Qc5 1/2-1/2

[Event "New Zealand Open"]
[Site "Devonport, Auckland NZL"]
[Date "2016.01.08"]
[EventDate "2016.01.02"]
[Round "7.6"]
[Result "1-0"]
[White "Thorben Koop"]
[Black "Heather Richards"]
[WhiteElo "2417"]
[BlackElo "2165"]
[PlyCount "55"]

1. Nf3 Nf6 2. g3 d6 3. d4 g6 4. b3 c6 5. Bg2 Bg7 6. O-O O-O
7. Bb2 b5 8. Nbd2 Bf5 9. Re1 Qd7 10. e4 Bh3 11. e5 Nd5 12. Ne4
Bxg2 13. Kxg2 a5 14. c4 Nc7 15. Qc2 Nba6 16. Rad1 Rab8
17. exd6 exd6 18. d5 Nb4 19. Qd2 cxd5 20. Nf6+ Bxf6 21. Bxf6
Qf5 22. Be7 Rfc8 23. Nd4 Qd7 24. Bf6 dxc4 25. Re7 Qd8 26. Nf5
Ne6 27. Nh6+ Kf8 28. Rxf7+ 1-0

[Event "New Zealand Open"]
[Site "Devonport, Auckland NZL"]
[Date "2016.01.08"]
[EventDate "2016.01.02"]
[Round "7.7"]
[Result "0-1"]
[White "Matthew Drummond"]
[Black "Deimante Daulyte"]
[WhiteElo "2255"]
[BlackElo "2378"]
[PlyCount "123"]

1. c4 b6 2. Nc3 Bb7 3. e4 e5 4. Nf3 Nc6 5. g3 Bc5 6. Bg2 Nge7
7. O-O d6 8. a3 a5 9. Rb1 O-O 10. Nh4 Qd7 11. d3 Bd4 12. Nd5
a4 13. Kh1 Nxd5 14. cxd5 Ne7 15. Nf3 c5 16. Nxd4 exd4 17. f4
f5 18. g4 fxg4 19. f5 Kh8 20. Qxg4 Ng6 21. Qg3 Ne5 22. Bf4
Rae8 23. Bf3 Ba6 24. Be2 Rf6 25. Rbd1 Qe7 26. Rg1 Nd7 27. Bh5
Ref8 28. Bg5 Ne5 29. Rg2 Qd7 30. h3 Bb5 31. Kh2 Qe7 32. Rdg1
Bxd3 33. Bxf6 Qxf6 34. Qxg7+ Qxg7 35. Rxg7 Bxe4 36. f6 Bg6
37. Bxg6 hxg6 38. Rf1 Rxf6 39. Rxf6 Kxg7 40. Rf2 Nd3 41. Rd2
Nf4 42. Kg3 Nxd5 43. Kg4 Kf6 44. h4 Ne3+ 45. Kf4 Nc4 46. Rf2
d5 47. Kg4+ Ke6 48. Kg5 Ne5 49. Rf6+ Ke7 50. Rf1 d3 51. Kf4
Nc4 52. Kg5 d2 53. Rd1 Kf7 54. Kh6 d4 55. Kg5 Kg7 56. Kf4 Kf6
57. Ke4 Ke6 58. Kf4 Kf6 59. Ke4 g5 60. hxg5+ Kxg5 61. Rg1+ Kf6
62. Kd3 0-1

[Event "New Zealand Open"]
[Site "Devonport, Auckland NZL"]
[Date "2016.01.08"]
[EventDate "2016.01.02"]
[Round "7.8"]
[Result "0-1"]
[White "Layla Timergazi"]
[Black "Nino Maisuradze"]
[WhiteElo "1915"]
[BlackElo "2288"]
[PlyCount "42"]

1. d4 Nf6 2. c4 e6 3. Nc3 c5 4. d5 exd5 5. cxd5 d6 6. e4 g6
7. Nf3 Bg4 8. Be2 Bg7 9. O-O O-O 10. h3 Bxf3 11. Bxf3 a6
12. a4 Nbd7 13. Be2 Re8 14. Qc2 Qe7 15. Bd3 Rac8 16. Re1 c4
17. Bf1 Nc5 18. Bxc4 Nfxe4 19. Nxe4 Nxe4 20. Bg5 Qe5 21. Qd3
Qd4 0-1

[Event "New Zealand Open"]
[Site "Devonport, Auckland NZL"]
[Date "2016.01.08"]
[EventDate "2016.01.02"]
[Round "7.9"]
[Result "1-0"]
[White "Leonard J McLaren"]
[Black "Mark Fredrick Noble"]
[WhiteElo "2236"]
[BlackElo "2241"]
[PlyCount "79"]

1. e4 c5 2. c3 g6 3. Nf3 Bg7 4. d4 cxd4 5. cxd4 d5 6. e5 Nc6
7. Bb5 Nh6 8. h3 O-O 9. Nc3 Bd7 10. O-O Rc8 11. Re1 a6 12. Bf1
e6 13. Bg5 Qc7 14. Qd2 Nf5 15. g4 Nfxd4 16. Nxd4 Bxe5 17. Nf3
Bh8 18. Bf4 Qa5 19. a3 Rfe8 20. b4 Qd8 21. Rac1 b5 22. Bg2 Qb6
23. Red1 Ra8 24. Be3 Qb8 25. Bc5 Bg7 26. Ng5 Ne5 27. f4 Nc4
28. Qf2 h6 29. Nge4 Bc6 30. Ng3 Nxa3 31. f5 Be5 32. fxg6 fxg6
33. Nge2 Nc4 34. Nd4 Qc7 35. Nxc6 Bxc3 36. Rxc3 Qxc6 37. Rf1
Qd7 38. Rf3 Nd6 39. Rf6 Rf8 40. Rxf8+ 1-0

[Event "New Zealand Open"]
[Site "Devonport, Auckland NZL"]
[Date "2016.01.08"]
[EventDate "2016.01.02"]
[Round "7.10"]
[Result "1-0"]
[White "Scott Wastney"]
[Black "Tony Dowden"]
[WhiteElo "2345"]
[BlackElo "2088"]
[PlyCount "89"]

1. e4 e6 2. d4 d5 3. Bd3 c5 4. exd5 exd5 5. Nf3 Nc6 6. O-O Nf6
7. Re1+ Be7 8. dxc5 O-O 9. a3 Bxc5 10. b4 Bd6 11. Bb2 Bg4
12. Nbd2 Bc7 13. b5 Na5 14. Qe2 Re8 15. Qf1 Qd6 16. Be5 Qb6
17. Bd4 Qd6 18. h3 Bh5 19. Be5 Qb6 20. Bxc7 Qxc7 21. Rxe8+
Rxe8 22. Re1 Rxe1 23. Qxe1 Nc4 24. Bxc4 Bxf3 25. Bd3 Bh5
26. Qe3 b6 27. f4 Bd1 28. c3 g6 29. Qd4 Qe7 30. Kf2 h5 31. Nf1
h4 32. Ne3 Bh5 33. a4 Qd6 34. Kg1 Qe6 35. Kf2 Qd6 36. Ke1 Qa3
37. Kd2 Qd6 38. Bc2 Qe6 39. Kc1 Be2 40. f5 Qd6 41. fxg6 fxg6
42. Bxg6 Qg3 43. Bc2 Qg5 44. Kb2 Bh5 45. Nf5 1-0

[Event "New Zealand Open"]
[Site "Devonport, Auckland NZL"]
[Date "2016.01.08"]
[EventDate "2016.01.02"]
[Round "7.11"]
[Result "1-0"]
[White "Ben Hague"]
[Black "David Cilia Vincenti"]
[WhiteElo "2287"]
[BlackElo "2061"]
[PlyCount "75"]

1. e4 e6 2. d4 b6 3. Bd3 Bb7 4. Nf3 c5 5. c3 Nf6 6. Qe2 d5
7. e5 Nfd7 8. O-O Nc6 9. a3 c4 10. Bc2 b5 11. Ng5 Be7 12. Qg4
g6 13. h4 h5 14. Qf3 Bxg5 15. Bxg5 Qc7 16. Qf4 a5 17. Nd2 b4
18. Rae1 b3 19. Bb1 Nf8 20. Bf6 Rg8 21. Qh6 Kd7 22. Nf3 Re8
23. Re3 Kc8 24. Ng5 Kb8 25. Rf3 Bc8 26. Re1 Ka8 27. Ree3 Qa7
28. Rf4 Nd7 29. Qh7 Nxf6 30. Rxf6 Rgf8 31. Rxf7 Rxf7 32. Qxf7
Qxf7 33. Nxf7 Ne7 34. Rg3 Rg8 35. Rf3 Nf5 36. Bxf5 gxf5
37. Rg3 Rxg3 38. fxg3 1-0

[Event "New Zealand Open"]
[Site "Devonport, Auckland NZL"]
[Date "2016.01.08"]
[EventDate "2016.01.02"]
[Round "7.12"]
[Result "1/2-1/2"]
[White "Reyk Schaefer"]
[Black "Helen Milligan"]
[WhiteElo "2134"]
[BlackElo "1957"]
[PlyCount "100"]

1. d4 Nf6 2. c4 g6 3. Nc3 Bg7 4. Nf3 d6 5. g3 O-O 6. Bg2 Nbd7
7. O-O e5 8. e4 Re8 9. h3 exd4 10. Nxd4 a6 11. Re1 Rb8 12. a4
c6 13. Qc2 a5 14. Bf4 Ne5 15. b3 Qe7 16. Rad1 Nfd7 17. Re2 Nc5
18. Red2 Bf8 19. Be3 Qc7 20. Kh2 Na6 21. f4 Nb4 22. Qb1 Nd7
23. Bf2 Nc5 24. Nc2 Nxc2 25. Qxc2 Qb6 26. Rb1 Qb4 27. Na2 Qb6
28. Nc1 Qc7 29. Ne2 Qe7 30. Nc3 Qc7 31. Bxc5 dxc5 32. Rbd1 Be7
33. Bf3 Rd8 34. Rxd8+ Bxd8 35. Bg4 Be7 36. Bxc8 Rxc8 37. e5
Rd8 38. Ne4 Rd4 39. Rxd4 cxd4 40. c5 b6 41. Nd6 bxc5 42. Qxc5
Qb8 43. Qxd4 Qxb3 44. Ne4 Qc2+ 45. Kg1 Qe2 46. Nf6+ Kg7
47. Nd7 Qe1+ 48. Kg2 Qe2+ 49. Kg1 Qe1+ 50. Kg2 Qe2+ 1/2-1/2

[Event "New Zealand Open"]
[Site "Devonport, Auckland NZL"]
[Date "2016.01.08"]
[EventDate "2016.01.02"]
[Round "7.13"]
[Result "1/2-1/2"]
[White "Kim Yew Chan"]
[Black "Eric Moskow"]
[WhiteElo "2019"]
[BlackElo "2127"]
[PlyCount "51"]

1. d4 Nf6 2. c4 e6 3. g3 d5 4. Nf3 dxc4 5. Bg2 Nc6 6. O-O Rb8
7. Bg5 Be7 8. e3 b5 9. a4 a6 10. Nfd2 Nb4 11. axb5 axb5 12. b3
cxb3 13. Qxb3 Bb7 14. Rc1 Bxg2 15. Kxg2 O-O 16. Ra7 c6
17. Bxf6 gxf6 18. Ne4 Re8 19. Nc5 Qd5+ 20. Qxd5 cxd5 21. Nd7
Rbc8 22. Rxc8 Rxc8 23. Nb6 Rb8 24. Nd7 Rc8 25. Nb6 Rb8 26. Nd7
1/2-1/2

[Event "New Zealand Open"]
[Site "Devonport, Auckland NZL"]
[Date "2016.01.08"]
[EventDate "2016.01.02"]
[Round "7.14"]
[Result "1-0"]
[White "Paul Anthony Garbett"]
[Black "John Duneas"]
[WhiteElo "2250"]
[BlackElo "2110"]
[PlyCount "67"]

1. c4 Nf6 2. Nc3 d6 3. g3 g6 4. Bg2 Bg7 5. d4 O-O 6. Nf3 Na6
7. O-O c5 8. h3 cxd4 9. Nxd4 Nc5 10. Be3 a6 11. Rc1 Rb8
12. Kh2 Qc7 13. b4 Ncd7 14. Nd5 Qd8 15. Qd2 e6 16. Nxf6+ Bxf6
17. Rfd1 Be7 18. Nf3 Qc7 19. Ba7 Ra8 20. Bd4 Rd8 21. Qh6 e5
22. Be3 Bf8 23. Qh4 f6 24. Nd2 Be7 25. Bd5+ Kh8 26. Ne4 g5
27. Qh5 Nb6 28. Bxb6 Qxb6 29. Qf7 Bf5 30. Qxe7 Rf8 31. Qxd6
Qa7 32. Qc5 b6 33. Qe3 Rac8 34. Nd6 1-0